Siṃhagiri vacanamulu. (Record no. 88390)

MARC details
000 -LEADER
fixed length control field 00689cam a22002411 4500
001 - CONTROL NUMBER
control field sa 68018407
003 - CONTROL NUMBER IDENTIFIER
control field DLC
005 - DATE AND TIME OF LATEST TRANSACTION
control field 20260227112711.0
008 - FIXED-LENGTH DATA ELEMENTS--GENERAL INFORMATION
fixed length control field 890706s1968 ii a b 000 0 telo
010 ## - LIBRARY OF CONGRESS CONTROL NUMBER
LC control number sa 68018407
035 ## - SYSTEM CONTROL NUMBER
System control number (OCoLC)19971327
040 ## - CATALOGING SOURCE
Original cataloging agency DLC
Transcribing agency WaU
Modifying agency DLC
050 00 - LIBRARY OF CONGRESS CALL NUMBER
Classification number BL1146.K66
Item number S5
100 0# - MAIN ENTRY--PERSONAL NAME
Personal name Kr̥ṣṇamācārya,
Dates associated with a name active 1226-1323.
245 10 - TITLE STATEMENT
Title Siṃhagiri vacanamulu.
260 ## - PUBLICATION, DISTRIBUTION, ETC.
Date of publication, distribution, etc. [1968]
300 ## - PHYSICAL DESCRIPTION
Extent 6, xxviii, 62 p.
Other physical details illus.
Dimensions 22 cm.
500 ## - GENERAL NOTE
General note In Telugu; pref. in English.
504 ## - BIBLIOGRAPHY, ETC. NOTE
Bibliography, etc. note Includes bibliographical references.
650 #0 - SUBJECT ADDED ENTRY--TOPICAL TERM
Topical term or geographic name entry element Hinduism
Form subdivision Prayers and devotions.
650 #0 - SUBJECT ADDED ENTRY--TOPICAL TERM
Topical term or geographic name entry element Vishnu (Hindu deity)
700 1# - ADDED ENTRY--PERSONAL NAME
Personal name Kulasekhararavu, M.

No items available.

Powered by Koha